Statistiques concernant Devinez le Département Mystère #68

Cliquez ici pour prendre le quiz!

Statistiques générales

  • Ce quiz a été pris 98 fois
  • Le résultat moyen est 27 sur 37

Statistiques - réponses

Type de RéponseRéponse% Correct
Lettre TrouvéeE
100%
Lettre de l'AlphabetI
100%
Lettre de l'AlphabetO
100%
Lettre TrouvéeR
100%
Lettre de l'AlphabetA
99%
Lettre de l'AlphabetN
99%
Lettre de l'AlphabetT
99%
Lettre TrouvéeS
98%
Lettre TrouvéeU
98%
Lettre de l'AlphabetH
95%
Lettre de l'AlphabetL
92%
Lettre TrouvéeD
89%
Lettre TrouvéeV
88%
Lettre de l'AlphabetM
87%
Lettre de l'AlphabetC
86%
Lettre de l'AlphabetP
80%
Lettre de l'AlphabetG
76%
Lettre de l'AlphabetB
75%
Lettre de l'AlphabetY
70%
Lettre de l'AlphabetF
59%
Lettre de l'AlphabetJ
59%
Lettre de l'AlphabetQ
59%
Lettre de l'AlphabetZ
55%
Lettre Bien PlacéeD
51%
Département MystèreDeux-Sèvres
51%
Lettre Bien PlacéeE
51%
Lettre Bien PlacéeE
51%
Lettre Bien PlacéeÈ
51%
Lettre de l'AlphabetK
51%
Lettre Bien PlacéeR
51%
Lettre Bien PlacéeS
51%
Lettre Bien PlacéeS
51%
Lettre Bien PlacéeU
51%
Lettre Bien PlacéeV
51%
Lettre de l'AlphabetW
51%
Lettre TrouvéeX
51%
Lettre Bien PlacéeX
51%

Distribution des résultats

Percentile par nombre de réponses

% des personnes avec chaque résultat

Votre développement - résultats

Vous n’avez pas pris ce quiz